[Event "Kragero Resort Chess A 2019"]
[Site "Kragero"]
[Date "2019.02.20"]
[Round "1.1"]
[White "Hammer, Jon Ludvig"]
[Black "Skotheim, Andreas"]
[Result "1-0"]
[WhiteElo "2652"]
[BlackElo "2168"]
[Annotator "TA"]
[PlyCount "101"]
[EventDate "2019.02.20"]
[EventType "swiss"]
[EventCountry "NOR"]
[SourceTitle "playchess.com"]
[Source "ChessBase"]
[SourceQuality "1"]

{[%evp 13,101,-18,-23,-19,53,36,60,53,58,50,69,77,78,55,60,61,43,47,40,39,46,40,112,74,100,102,183,167,156,159,207,209,202,205,197,155,190,186,168,130,129,120,156,164,163,168,174,173,169,154,151,119,175,175,268,239,262,272,280,266,283,261,283,276,260,225,508,468,732,718,924,842,682,703,2473,1603,1005,770,6518,6381,6510,6510,6510,6510,6386,6232,6066,5867,29980,29981]} 1. c4 Nf6 2. Nc3 e6 3. d4 Bb4 4. g3 d5 5. Bg2 O-O 6. Nf3 dxc4 7. O-O Nc6 8. Qa4 {E20: Nimzo-Indian: 4 g3 and 4 f3} a6 ({Black should try} 8... Nd5 $11) (8... Nd5 9. Qc2 Be7 10. Rd1 Ncb4 11. Qd2 c5 12. dxc5 Nxc3 13. bxc3 Nc6 14. Qc2 Qa5 15. Ng5 Bxg5 16. Bxg5 Qxc5 {½-½ (44) Cheparinov,I (2709)-Gelfand,B (2673) St Petersburg 2018}) 9. Ne5 $14 Rb8 10. Nxc6 {White is slightly better.} bxc6 11. a3 Bd6 $146 ({Predecessor:} 11... Bxc3 12. bxc3 Bb7 13. Rb1 Qc8 14. Bg5 c5 15. Bxb7 Rxb7 16. Bxf6 gxf6 17. Qxc4 cxd4 18. cxd4 {1-0 (68) Froewis,G (2434)-Bertagnolli,A (2372) Austria 2018}) 12. Qxc6 e5 13. d5 Nd7 {[#] And now ...Nb6 would win.} 14. Qxc4 f5 15. b4 $36 {[%mdl 2048] White is more active.} Qf6 16. Bd2 e4 17. Na4 Rb5 ({Better is} 17... Ne5 $14 18. Qa2 Qf7) 18. Rac1 Qf7 19. Bf4 Qxd5 (19... Nf6 $16) 20. Qxd5+ $18 Rxd5 21. Bxd6 cxd6 22. Rc7 Re5 23. Rfc1 Ree8 24. Rd1 Rf6 25. f3 exf3 26. Bxf3 Ne5 27. Nb6 Nxf3+ 28. exf3 Be6 29. Rxd6 Rf7 30. Rc1 Rfe7 31. Re1 Kf7 32. Re5 g6 (32... Rc7 $16) 33. Kf2 Bb3 (33... Rc7 {was called for.} 34. Na4 Rc2+ 35. Ke3 Bc8 36. Rxe8 Kxe8) 34. Rxe7+ Rxe7 {[%mdl 4096] Endgame KRB-KRN} 35. Rd7 Ke8 36. Rxe7+ Kxe7 {KB-KN} 37. Ke3 Kd6 38. Kd4 Kc6 39. Nc4 Ba2 $2 {[#]} (39... Kb5 {was necessary.} 40. Nb2 Kc6) 40. a4 {[%cal Ba3a4,Ba4b5][%mdl 32]} Bb1 (40... g5 $142 41. f4 gxf4 42. gxf4 Bb1 43. b5+ axb5) 41. b5+ axb5 42. axb5+ Kd7 43. Kc5 g5 44. Ne5+ Kc7 45. Nf7 g4 46. f4 Bd3 47. Ng5 h6 48. Nf7 h5 49. b6+ Kb7 50. Nd6+ Ka6 51. Kc6 {Accuracy: White = 97%, Black = 35%.} 1-0

[Event "Kragero Resort Chess A 2019"]
[Site "Kragero"]
[Date "2019.02.20"]
[Round "1.2"]
[White "Gonzalez, Francisco Silva"]
[Black "Lie, Kjetil A."]
[Result "0-1"]
[WhiteElo "2142"]
[BlackElo "2538"]
[Annotator "TA"]
[PlyCount "94"]
[EventDate "2019.02.20"]
[EventType "swiss"]
[EventCountry "NOR"]
[SourceTitle "playchess.com"]
[Source "ChessBase"]
[SourceQuality "1"]

{[%evp 9,94,55,57,39,45,47,52,52,56,54,48,45,56,38,41,41,41,40,62,62,66,63,59,27,22,14,16,18,32,0,0,0,0,0,0,0,0,-80,-80,-80,-80,-95,-80,-116,-76,-115,-120,-115,-109,-116,-113,-127,-124,-126,-128,-162,-170,-179,-139,-155,-137,-138,-130,-144,-151,-185,-164,-225,-221,-214,-186,-318,-254,-181,-197,-316,-299,-483,-490,-966,-881,-939,-945,-29982,-29982,-29951,-5422]} 1. d4 d6 2. e4 Nf6 3. f3 e5 4. Ne2 Nc6 (4... Be7 5. c4 O-O 6. Nbc3 c5 7. d5 Ne8 8. Be3 g6 9. Qd2 Ng7 10. O-O-O f5 11. h3 f4 12. Bf2 Bh4 {1-0 (57) Lagarde,M (2616)-Kadric,D (2554) Skopje 2018}) 5. d5 Ne7 6. c4 {B07: Pirc Defence: Miscellaneous Systems} Ng6 7. Be3 Be7 8. Nbc3 {White is slightly better.} Nh5 9. Qd2 h6 10. g3 Bg5 11. O-O-O $146 ({Predecessor:} 11. h4 Bxe3 12. Qxe3 {0-1 (67) Gonzalez,F (2046)-Maksimovic,B (2343) Fornebu 2017}) 11... Bxe3 12. Qxe3 Qg5 13. Kd2 c6 14. h4 Qe7 15. Kc1 c5 16. g4 Nhf4 17. h5 Nxe2+ 18. Nxe2 Nf8 19. Nc3 Nh7 20. Be2 Bd7 21. Rde1 a6 22. Kb1 O-O 23. f4 (23. b3 $11 {keeps the balance.}) 23... exf4 $17 24. Qxf4 Rfe8 25. Rhf1 Ng5 26. Bd1 Qe5 27. Ba4 Bxa4 $1 28. Nxa4 b5 29. Nc3 bxc4 30. Qxe5 Rxe5 31. Rf5 Rae8 32. Rxe5 Rxe5 {[%mdl 4096] Endgame KRN-KRN} 33. Re3 Nh7 34. Nd1 Nf6 {[%mdl 64] Double Attack} 35. Ra3 Rxe4 36. Rxa6 Nxd5 37. Rxd6 {[#]} Rd4 $1 {[%cal Rd4d1]} 38. Kc1 {[#]} (38. Rd8+ $142 Kh7 39. Kc1) 38... Nb4 $1 $19 {[%cal Rb4a2]} 39. Rxd4 cxd4 {KN-KN} 40. a3 (40. a4 $142) 40... Nd3+ 41. Kc2 Nc5 42. Nf2 (42. Nc3 {was the only chance.}) 42... Kf8 43. Kd2 $2 (43. Nh3) 43... Ke7 44. Ke2 (44. Nh3 $142 Kf6 45. Ng1) 44... Kd6 45. Kf3 Ke5 46. Kg3 c3 47. bxc3 dxc3 {Accuracy: White = 38%, Black = 90%.} 0-1

[Event "Kragero Resort Chess A 2019"]
[Site "Kragero"]
[Date "2019.02.20"]
[Round "1.3"]
[White "Malakhatko, Vadim"]
[Black "Rishovd, Svein"]
[Result "1-0"]
[WhiteElo "2525"]
[BlackElo "2116"]
[Annotator "TA"]
[PlyCount "103"]
[EventDate "2019.02.20"]
[EventType "swiss"]
[EventCountry "NOR"]
[SourceTitle "playchess.com"]
[Source "ChessBase"]
[SourceQuality "1"]

{[%evp 13,103,-10,37,39,38,11,17,-8,-17,-16,0,0,0,-3,0,-12,-4,-2,-7,-6,0,-25,13,0,32,28,73,71,118,114,125,105,124,126,170,107,107,107,110,102,105,105,137,131,122,97,160,132,132,132,129,127,127,119,160,149,147,147,147,159,198,197,255,255,264,254,258,254,337,337,309,240,240,214,1042,922,5477,5141,5485,5413,5393,5393,5081,4225,2380,1956,1439,1358,5157,4134,1720,1663]} 1. d4 d5 2. c4 e6 3. Nf3 Nf6 4. g3 dxc4 5. Bg2 Bb4+ 6. Nc3 O-O 7. O-O c5 8. dxc5 {E20: Nimzo-Indian: 4 g3 and 4 f3} Nc6 (8... Qa5 9. Qd4 Nc6 10. Qxc4 Qxc5 11. Qxc5 Bxc5 12. Bf4 Bd7 13. Rac1 Rac8 14. Nb5 Be7 15. Rfd1 e5 16. Nxe5 Nxe5 17. Rxc8 Rxc8 18. Nxa7 {1-0 (55) Rausis,I (2651)-Gascon del Nogal,J (2471) Sautron 2018}) 9. Qc2 Bxc5 10. Na4 {The position is equal.} Be7 11. Qxc4 Bd7 {[#] ...b5! is the strong threat.} 12. Nc3 Rc8 13. Rd1 Qa5 14. Qb3 Rfd8 15. Be3 $146 ({Predecessor:} 15. Bf4 a6 16. Qxb7 e5 17. Nxe5 Nxe5 18. Nd5 Ng6 19. Nxf6+ Bxf6 20. Rxd7 Nxf4 21. gxf4 Rxd7 22. Qxd7 {1-0 (33) Ellers,H (2355)-Keller,T (2165) Germany 1995}) 15... Be8 16. h3 (16. Qxb7 $2 Rb8 $19) 16... h6 17. Ne1 ({Avoid the trap} 17. Qxb7 $2 Rb8 $19) 17... Qb4 18. Nd3 Qxb3 19. axb3 b6 20. Bxc6 Bxc6 21. Rxa7 Rd7 22. Rda1 Rxa7 23. Rxa7 Nd7 {[#]} 24. b4 (24. Bxb6 $1 $18 {[%mdl 512]} Bd6 (24... Nxb6 25. Rxe7) 25. Be3) 24... b5 $16 25. Bd4 Bd8 26. f3 e5 27. Bf2 f6 28. Kf1 Nb6 29. Ke1 Ra8 (29... Nd5 $142) 30. Nxb5 Bxb5 31. Bxb6 $1 Rxa7 32. Bxa7 {[%mdl 4096] Endgame KBB-KBN} Kf7 33. Nf2 Bc7 34. Ne4 f5 35. Nc3 Bc4 36. e4 g6 37. Bc5 Ke6 (37... fxe4 {was necessary.} 38. Nxe4 Ke6) 38. b5 $18 {[%cal Bb4b5,Bb5b6][%mdl 32]} Kd7 39. b6 Bb8 40. h4 h5 41. b4 Kc6 42. Nd1 fxe4 43. fxe4 Bd6 $2 (43... Bd3 44. Nf2 Bc4) 44. Bxd6 {White is clearly winning.} Kxd6 {KB-KN} 45. Nb2 Bb5 46. Kd2 Kc6 47. Nd3 Kxb6 48. Nxe5 Be8 49. Kc3 Kb5 50. Nf3 Bf7 51. Nd4+ Kb6 52. Kd3 {Accuracy: White = 65%, Black = 42%.} 1-0

[Event "Kragero Resort Chess A 2019"]
[Site "Kragero"]
[Date "2019.02.20"]
[Round "1.4"]
[White "Abdrlauf, Elham"]
[Black "Urkedal, Frode Olav Olsen"]
[Result "0-1"]
[WhiteElo "2105"]
[BlackElo "2522"]
[Annotator "TA"]
[PlyCount "58"]
[EventDate "2019.02.20"]
[EventType "swiss"]
[EventCountry "NOR"]
[SourceTitle "playchess.com"]
[Source "ChessBase"]
[SourceQuality "1"]

{[%evp 11,58,22,19,0,0,-15,-7,-8,0,0,0,0,0,0,0,-16,0,-15,0,-9,0,-27,-37,-32,-14,-18,-12,-104,-97,-91,-36,-96,-154,-180,-142,-183,-170,-170,-166,-143,-150,-144,-151,-29992,-29993,-29993,-1347,-29994,-1271]} 1. d4 Nf6 2. c4 e6 3. Nf3 b6 4. g3 Ba6 5. Qc2 Bb7 6. Bg2 c5 7. d5 {E15: Queen's Indian: 4 g3 sidelines, 4 g3 Ba6 and 4 g3 Bb7 early deviations} exd5 8. cxd5 Nxd5 9. O-O {aiming for Ng5.The position is equal.} Nc6 10. Rd1 Be7 11. Qf5 (11. Rxd5 $2 Nb4 $17) 11... Nf6 12. e4 g6 13. Qf4 O-O 14. e5 Nh5 {[#]} 15. Qg4 $146 Qb8 16. Bh6 Re8 17. Nc3 Nxe5 18. Nxe5 Bxg2 19. Nxf7 (19. Nxg6 $1 $11 hxg6 20. Kxg2) 19... Nf6 20. Qa4 b5 ({Better is} 20... Bc6 $17 21. Qb3 b5) 21. Qxb5 (21. Nxb5 $15 Bc6 22. Nfd6 Bxd6 {[%mdl 64] Pin} 23. Qc4+ (23. Qb3+ Re6 $15) 23... Nd5 24. Nc3) 21... Bf3 $17 22. Qxb8 Raxb8 23. Rd3 {[#]} Ba8 $1 $36 {[%mdl 2048] Black has strong initiative.} 24. Nd6 Bxd6 $1 25. Rxd6 Ng4 26. Bf4 Rxb2 27. Rf1 $2 {[#]} (27. Rxd7 $17 Nxf2 28. Rd2 Nh3+ 29. Kf1) 27... Nxf2 $1 {[%cal Rf2h3][%mdl 512]} 28. Nd5 (28. Rxf2 Re1+) 28... Nh3+ 29. Kh1 Nxf4 {Accuracy: White = 46%, Black = 71%.} (29... Ree2 $142 30. g4 Nxf4 {[%mdl 64] Pin} 31. Rxg6+ hxg6 32. Rd1 Rxh2+ 33. Kg1 Nh3+ 34. Kf1 Rh1#) 0-1

[Event "Kragero Resort Chess A 2019"]
[Site "Kragero"]
[Date "2019.02.20"]
[Round "1.5"]
[White "Castellanos Rodriguez, Renier"]
[Black "Lund, Terje"]
[Result "1-0"]
[WhiteElo "2505"]
[BlackElo "2099"]
[Annotator "TA"]
[PlyCount "71"]
[EventDate "2019.02.20"]
[EventType "swiss"]
[EventCountry "NOR"]
[SourceTitle "playchess.com"]
[Source "ChessBase"]
[SourceQuality "1"]

{[%evp 19,71,55,51,55,62,64,64,46,46,64,91,100,86,54,43,44,43,46,34,39,36,49,32,40,87,60,90,80,96,86,166,162,346,333,337,333,308,301,376,358,588,596,582,581,581,576,568,562,528,490,891,829,1976,1890]} 1. e4 Nf6 2. e5 Nd5 3. d4 d6 4. Nf3 dxe5 5. Nxe5 c6 6. Be2 Bf5 {B04: Alekhine's Defence: 4 Nf3} 7. O-O (7. c3 Nd7 8. Nf3 e6 9. O-O Bd6 10. Re1 O-O 11. Nbd2 h6 12. Nc4 Bc7 13. a4 a5 14. Bd3 {1-0 (40) Vachier Lagrave,M (2779)-Dominguez Perez,L (2739) chess.com INT 2018}) 7... Nd7 8. Nf3 e6 9. c4 N5b6 10. Nc3 Be7 {LiveBook: 4 Games} 11. Bf4 O-O 12. h3 Nf6 13. g4 $146 ({Predecessor:} 13. a3 a5 14. Qc1 Qc8 {0-1 (58) Lopez,A (2134)-Serrano,D (1927) Lima 2015}) 13... Bg6 14. Ne5 c5 15. dxc5 Bxc5 16. Qxd8 (16. Bf3 {looks sharper.} Qe7 17. Qe2 h6 18. Nxg6 fxg6 19. Bg3) 16... Raxd8 17. Rac1 Ne4 18. Nxg6 Nxc3 19. Rxc3 hxg6 20. a3 e5 21. Bc1 f5 22. Kg2 Nd7 23. b4 Bd4 24. Rc2 e4 (24... a5 $16) 25. Rd1 $18 Nf6 $2 {[#]} (25... Nb8 26. Rcd2 Bf6 27. Rxd8 Rxd8 28. Rxd8+ Bxd8) 26. Rcd2 Bb6 27. c5 Bc7 28. g5 Rxd2 29. Rxd2 (29. Bxd2 Nh5 $16) 29... Bf4 $2 {[#]} (29... Nh5 {is a better defense.} 30. Rd7 Rc8 31. Bxh5 gxh5) 30. Bc4+ {White is clearly winning.} ({Not} 30. gxf6 Bxd2 31. Bc4+ (31. Bxd2 gxf6 32. Bc4+ Kg7 $18) 31... Kh7 $18) 30... Kh7 31. gxf6 Bxd2 32. fxg7 ({Weaker is} 32. Bxd2 gxf6 33. b5 Rd8 $18) 32... Kxg7 33. Bxd2 Rd8 34. Bf4 Rd1 (34... Kf6 $142 35. h4 Rd7) 35. b5 Kf6 36. c6 {Precision: White = 69%, Black = 29%.} 1-0

[Event "Kragero Resort Chess A 2019"]
[Site "Kragero"]
[Date "2019.02.20"]
[Round "1.6"]
[White "Saltvedt, Martin"]
[Black "Notkevich, Benjamin Arvola"]
[Result "0-1"]
[WhiteElo "2095"]
[BlackElo "2498"]
[Annotator "ChessBase"]
[PlyCount "54"]
[EventDate "2019.02.20"]
[EventType "swiss"]
[EventCountry "NOR"]
[SourceTitle "playchess.com"]
[Source "ChessBase"]
[SourceQuality "1"]
[TimeControl "5400+30"]

1. d4 {[%emt 0:00:00]} f5 {[%emt 0:00:00]} 2. Bg5 {[%emt 0:00:28]} g6 {[%emt 0:02:32]} 3. Nc3 {[%emt 0:09:06]} d5 {[%emt 0:11:58]} 4. h4 {[%emt 0:03:57]} Bg7 {[%emt 0:02:30]} 5. e3 {[%emt 0:16:52]} c5 {[%emt 0:07:23]} 6. Bb5+ {[%emt 0:20:25]} Bd7 {[%emt 0:07:30]} 7. Bxd7+ {[%emt 0:01:05]} Qxd7 {[%emt 0:00:07]} 8. Qf3 {[%emt 0:01:08]} e6 {[%emt 0:13:54]} 9. O-O-O {[%emt 0:04:15]} Nc6 {[%emt 0:00:19]} 10. Nge2 {[%emt 0:00:57]} Nf6 {[%emt 0:06:29]} 11. Bxf6 {[%emt 0:02:25]} Bxf6 {[%emt 0:00:52]} 12. g4 {[%emt 0:00:20]} O-O-O {[%emt 0:00:51]} 13. dxc5 {[%emt 0:02:37]} Ne5 {[%emt 0:03:04]} 14. Qg3 {[%emt 0:04:12]} Nxg4 {[%emt 0:01:02]} 15. Nd4 {[%emt 0:00:32]} Be5 {[%emt 0:03:53]} 16. f4 {[%emt 0:02:13]} Bf6 {[%emt 0:00:55]} 17. Ncb5 {[%emt 0:05:53]} Kb8 {[%emt 0:01:34]} 18. Rd3 {[%emt 0:03:22]} Rc8 {[%emt 0:06:17]} 19. b4 {[%emt 0:13:09]} a5 {[%emt 0:05:55]} 20. Nd6 {[%emt 0:01:39]} axb4 {[%emt 0:00:20]} 21. Nxc8 {[%emt 0:01:11]} Rxc8 {[%emt 0:00:06]} 22. Rb3 {[%emt 0:00:49]} Rxc5 {[%emt 0:02:20]} 23. Rxb4 {[%emt 0:00:50]} Qc8 {[%emt 0:02:05]} 24. Rb2 {[%emt 0:00:31]} Rc3 {[%emt 0:00:16]} 25. Rd1 {[%emt 0:01:30]} Nxe3 {[%emt 0:00:24]} 26. Qf2 {[%emt 0:01:41]} Nxd1 {[%emt 0:01:22]} 27. Kxd1 {[%emt 0:00:08]} Qc5 {[%emt 0:00:18]} 0-1

[Event "Kragero Resort Chess A 2019"]
[Site "Kragero"]
[Date "2019.02.20"]
[Round "1.7"]
[White "Hasangatin, Ramil"]
[Black "Kizatbay, Abyl"]
[Result "1-0"]
[WhiteElo "2485"]
[BlackElo "2084"]
[Annotator "TA"]
[PlyCount "63"]
[EventDate "2019.02.20"]
[EventType "swiss"]
[EventCountry "NOR"]
[SourceTitle "playchess.com"]
[Source "ChessBase"]
[SourceQuality "1"]

{[%evp 17,63,0,33,5,-6,-52,-9,0,0,-74,20,8,10,8,25,0,0,-1,0,0,0,0,0,0,33,33,38,31,60,58,56,44,96,32,141,127,351,350,357,358,349,312,312,312,310,278,265,257]} 1. e4 c5 2. Nf3 d6 3. d4 cxd4 4. Qxd4 a6 5. c4 Nc6 6. Qd2 g6 7. Nc3 Bg7 8. b3 Nf6 9. Bb2 O-O 10. Bd3 {B53: Sicilian: 2...d6: Lines with Qxd4} Bg4 11. Ng5 $146 ({Predecessor:} 11. O-O Bxf3 12. gxf3 Qa5 13. f4 Qh5 14. f3 Nd4 15. Be2 e5 16. Na4 Nxe4 17. Qe3 exf4 {0-1 (26) Vescovi,G (2648)-Naiditsch,A (2571) playchess.com INT 2004}) 11... Qa5 (11... h6 $5 {[%cal Rh6g5]} 12. h3 Bh5 $15) 12. h3 {The position is equal.} Bd7 13. a3 {[#]} (13. Nf3 $11 {keeps the balance.}) 13... Rfc8 ({Black should play} 13... Ne5 $1 $17 {[%cal Re5d3]} 14. Bc2 h6) 14. b4 $11 Qd8 15. Nf3 Be6 16. O-O Nd7 17. Nd5 $36 {[%mdl 2048] White has good play.} Bxb2 (17... Nce5 {keeps more tension.} 18. Nxe5 Nxe5 19. Bxe5 Bxe5 20. Rab1 b5) 18. Qxb2 Nce5 19. Nxe5 Nxe5 20. Qd4 Bxd5 (20... Rc6 {feels hotter.} 21. Be2 Rac8 22. Rfc1 b5 23. Qa7 Kf8) 21. exd5 a5 22. Be2 axb4 23. axb4 Rxa1 24. Rxa1 Ra8 ({Black should try} 24... Qc7 $14) 25. Re1 (25. c5 $16) 25... Ra4 (25... b6 $14) 26. c5 $16 Qa5 $2 {[#]} (26... Ra8 $16 {was called for.} 27. f4 Nd7) 27. cxd6 $18 ({Weaker is} 27. bxa5 Rxd4 28. c6 bxc6 $16) ({Stronger than} 27. Qxe5 Qxb4 28. cxd6 Qxe1+ 29. Kh2 exd6 $19) 27... exd6 28. Qxe5 $1 ({Not} 28. bxa5 Rxd4 29. Rd1 Rxd1+ 30. Bxd1 Nc4 $15) 28... Qxb4 29. Qe8+ {White has a decisive advantage.} Kg7 30. Bf3 Ra2 31. Qe4 Qb2 32. Qe2 {Accuracy: White = 49%, Black = 38%.} 1-0

[Event "Kragero Resort Chess A 2019"]
[Site "Kragero"]
[Date "2019.02.20"]
[Round "1.8"]
[White "Birkisson, Bjorn Holm"]
[Black "Hauge, Lars Oskar"]
[Result "0-1"]
[WhiteElo "2078"]
[BlackElo "2476"]
[Annotator "TA"]
[PlyCount "82"]
[EventDate "2019.02.20"]
[EventType "swiss"]
[EventCountry "NOR"]
[SourceTitle "playchess.com"]
[Source "ChessBase"]
[SourceQuality "1"]

{[%evp 11,82,8,6,13,16,10,18,0,54,0,0,0,39,36,30,28,3,0,0,-31,-44,-31,-31,-31,-34,-29,-29,-37,0,0,0,0,0,0,0,0,30,26,93,90,102,91,121,110,145,135,137,96,114,117,137,0,0,-26,-30,-35,-38,-39,-37,-148,-72,-214,-174,-390,-397,-402,-387,-356,-368,-419,-408,-858,-831]} 1. d4 e6 2. e4 d5 3. Nc3 Bb4 4. Nge2 dxe4 5. a3 Bxc3+ 6. Nxc3 f5 7. Bf4 {C15: French: 3 Nc3 Bb4: Unusual White 4th moves} (7. f3 exf3 8. Qxf3 Nf6 9. Bf4 O-O 10. O-O-O c6 11. Bc4 Nd5 12. Rhe1 a5 13. Bxd5 cxd5 14. Nb5 Na6 15. Bd6 Rf6 16. Bf4 Bd7 17. Nd6 Bc6 18. h4 Qe7 {1-0 (33) Das,A (2457)-Nikolic,P (2601) Leiden 2015}) 7... Nf6 8. f3 O-O 9. Qd2 $146 {The position is equal.} ({Predecessor:} 9. fxe4 Nxe4 10. Nxe4 fxe4 11. Qd2 Nd7 12. Be2 c5 13. O-O cxd4 14. Qxd4 Qb6 {0-1 (57) Thomas,G-Nimzowitsch,A Marienbad 1925}) 9... a6 (9... Nd5 $11) 10. O-O-O (10. Bc4 $14) 10... b5 $11 11. fxe4 fxe4 12. g4 Bb7 {aiming for ...e3.} 13. Bg2 Nbd7 14. Rhe1 {[%cal Rc3e4]} Nb6 15. Nxe4 Nxe4 16. Bxe4 Bxe4 17. Rxe4 Qd5 18. Qd3 Qa2 19. c3 Rf7 ({Much worse is} 19... g5 20. Bg3 $14 (20. Bxg5 Rf2 $11)) 20. Bg3 Raf8 21. Ree1 Rf3 (21... Nc4 $5 22. Qb1 $8 Qb3 $11) 22. Qb1 Qc4 {And now ...Nd5 would win.} 23. Qe4 Nd5 {...Nxc3! is the strong threat.} 24. Qxe6+ {[%mdl 64] Double Attack} Kh8 (24... R8f7 $1 $11) 25. Qe2 $1 $36 {[%cal Re2f3][%mdl 2048] Black is under strong pressure.} ({Don't blunder} 25. Qxa6 $2 Nxc3 $1 {[%mdl 512]} 26. Rd2 Qa2 $19) 25... Qc6 26. Rd3 R3f6 27. g5 Rf5 28. h4 Qc4 29. Kb1 a5 30. Rdd1 Qb3 31. Qd3 (31. Qc2 $16 Qc4 32. Qxf5 $1 {[%mdl 512]} Nxc3+ 33. bxc3 Qb3+ {[%mdl 64] Double Attack} 34. Kc1 Qxa3+ 35. Kc2 Rxf5 36. Re8+ Rf8 37. Ra1 $1 {[%mdl 512]}) 31... Kg8 $1 $11 32. c4 (32. Qc2 $5 {[%cal Rc2b3]} Qc4 33. Qe2 $16) 32... Qxd3+ 33. Rxd3 bxc4 34. Rd2 Rf3 35. Be5 {[#]} ({White should play} 35. Re5 $1 $15) 35... Rb8 (35... Rb3 $142 $1 36. Rh2 c3) 36. Ka2 (36. Rc2 $17) 36... Rfb3 37. Rc1 $2 (37. Rb1) 37... c3 $19 38. bxc3 Nxc3+ 39. Rxc3 Rxc3 40. d5 Rc5 41. d6 (41. Rg2 $142) 41... Rxe5 {Accuracy: White = 46%, Black = 57%.} 0-1

[Event "Kragero Resort Chess A 2019"]
[Site "Kragero"]
[Date "2019.02.20"]
[Round "1.9"]
[White "Vrolijk, Liam"]
[Black "Jonsson, Gauti Pall"]
[Result "1-0"]
[WhiteElo "2470"]
[BlackElo "2070"]
[Annotator "TA"]
[PlyCount "67"]
[EventDate "2019.02.20"]
[EventType "swiss"]
[EventCountry "NOR"]
[SourceTitle "playchess.com"]
[Source "ChessBase"]
[SourceQuality "1"]

{[%evp 16,67,48,43,52,46,59,43,52,39,52,40,52,46,80,82,100,74,140,145,238,222,263,268,266,263,257,256,265,269,330,320,392,381,370,222,245,226,228,227,227,205,365,354,356,340,637,627,970,837,29982,29983,29984,29984]} 1. d4 Nf6 2. Nf3 b6 3. c4 Bb7 4. g3 g6 5. Bg2 Bg7 6. O-O O-O 7. Qc2 d6 8. Nc3 Nbd7 9. Rd1 Qc8 {A50: Queen's Fianchetto Defence (1 d4 Nf6 2 c4 b6)} (9... Re8 10. e4 Qc8 11. h3 e5 12. d5 a5 13. Be3 h6 14. a3 Ba6 15. Nd2 Nh7 16. b4 h5 17. h4 {1-0 (56) Grischuk,A (2810)-Mamedyarov,S (2765) Beijing 2014}) 10. b3 e5 $146 ({Predecessor:} 10... Re8 11. Bb2 e5 12. d5 Nf8 13. Nd2 h6 14. b4 N8h7 15. h3 Nh5 16. Nf1 f5 17. Rac1 {0-1 (43) Gidziela,P (2000)-Dziadykiewcz,T (2105) Czestochowa 1994}) 11. e4 exd4 {White is slightly better.} 12. Nxd4 Re8 13. Bb2 Nc5 {[%cal Rc5e4]} 14. Re1 Ng4 15. Rad1 Ne5 16. Nd5 a5 ({Black should play} 16... c6) 17. f4 $16 Bxd5 (17... Ng4 $16) 18. cxd5 $18 Ned7 19. Nb5 Bxb2 20. Qxb2 f6 21. Qc3 Qd8 22. a3 Nf8 23. b4 axb4 24. axb4 Qd7 25. bxc5 Qxb5 26. cxd6 ({Not} 26. Qxf6 Nd7 $11) 26... cxd6 27. Qxf6 Ra2 28. Qd4 (28. Qxd6 {leads to mate.} Qb2 29. Qxg6+ hxg6 30. Re2 Qxe2 31. Rd2 Qe3+ 32. Kh1 Qe1+ 33. Bf1 Qxf1#) 28... Rc8 $2 {[#]} (28... Ra4 29. Qc3 Qc5+ 30. Qxc5 bxc5) 29. Bf1 Qa5 30. e5 dxe5 $2 (30... Ra4 31. Qf2 Rc7) 31. fxe5 Rcc2 32. e6 {[#] Threatens to win with e7.} Rxh2 33. e7 Qa3 34. Rd3 {Accuracy: White = 93%, Black = 17%.} 1-0